|
|
|
|
| LEADER |
00000nab a2200000 4500 |
| 001 |
vtls011843001 |
| 003 |
SK-MaSNL |
| 005 |
20260304042523.0 |
| 008 |
190226 2018 xo 000 0 eng |
| 015 |
|
|
|a SNBRB2019/02
|2 LMAOSK
|
| 040 |
|
|
|a LMAOSK
|b slo
|c LMAOSK
|e rda
|
| 041 |
0 |
|
|a eng
|
| 043 |
|
|
|a e-ru---
|a a-cc---
|
| 044 |
|
|
|a xo
|c SK
|
| 072 |
|
7 |
|a 329
|x Politické strany a hnutia
|2 konspekt
|
| 080 |
|
|
|a 329.146
|2 2011
|
| 080 |
|
|
|a (470+571)
|2 2011
|
| 080 |
|
|
|a (046)
|2 2011
|
| 080 |
|
|
|a (510)
|2 2011
|
| 100 |
1 |
|
|a Hlaváček, Pavel,
|d 1980-
|4 aut
|9 107703
|
| 245 |
1 |
0 |
|a Do Not Throw Them in the Same Basket
|b China and Russia Through the Perspective of US Engagement
|c Pavel, Hlaváček
|
| 246 |
3 |
|
|a China and Russia Through the Perspective of US Engagement
|
| 300 |
|
|
|b Tabulky
|
| 336 |
|
|
|a text
|b txt
|2 rdacontent
|
| 337 |
|
|
|a bez média
|b n
|2 rdamedia
|
| 338 |
|
|
|a zväzok
|b nc
|2 rdacarrier
|
| 504 |
|
|
|a Bibliografické odkazy
|
| 650 |
0 |
7 |
|a revizionizmus
|2 SNKPH
|9 80167
|
| 651 |
|
7 |
|a Rusko
|2 SNKPHgeo
|9 17250
|
| 651 |
|
7 |
|a Čína
|2 SNKPHgeo
|9 21369
|
| 655 |
|
7 |
|a články
|2 SNKPH
|9 70601
|
| 773 |
0 |
|
|t Mezinárodní vztahy
|g Roč. 53, č. 4 (2018), s. 20-34
|x 0323-1844
|
| 852 |
|
|
|a LMAOSK
|b KIS3GCP
|
| 856 |
4 |
1 |
|u https://mv.iir.cz/article/view/1541/1467
|
| 958 |
|
|
|a NB
|
| 999 |
|
|
|c 2674841
|d 2676771
|